DOE simplified : practical tools for effective experimentation
Αποθηκεύτηκε σε:
| Κύριοι συγγραφείς: | , |
|---|---|
| Μορφή: | Βιβλίο |
| Γλώσσα: | English |
| Δημοσίευση: |
Boca Raton :
CRC Press,
c2015.
|
| Έκδοση: | 3rd ed. |
| Θέματα: | |
| Ετικέτες: |
Προσθήκη ετικέτας
Δεν υπάρχουν, Καταχωρήστε ετικέτα πρώτοι!
|
MARC
| LEADER | 00000cam a2200000 a 4500 | ||
|---|---|---|---|
| 001 | 1/111196 | ||
| 008 | 160629s2015####uk | ||| |||| ||eng|| | ||
| 020 | |a 9781482218947 | ||
| 040 | |a GR-MyUa |b gre |c GR-MyUa |e AACR2 | ||
| 041 | 0 | |a eng | |
| 082 | 7 | |a 658.4033 |2 (23) | |
| 100 | 1 | |a Anderson, Mark J. |d 1953- |e aut | |
| 245 | 1 | 0 | |a DOE simplified : |b practical tools for effective experimentation / |c Mark J. Anderson; Patrick J. Whitcomb. |
| 250 | |a 3rd ed. | ||
| 260 | |a Boca Raton : |b CRC Press, |c c2015. | ||
| 300 | |a xv, 252 σ. : |b πίν., σχ. ; |c 24 εκ. | ||
| 504 | |a Περιλαμβάνει βιβλιογραφία και ευρετήριο. | ||
| 650 | 0 | |a Experimental design. | |
| 700 | 1 | |a Whitcomb, Patrick J. |d 1950- |e aut | |
| 852 | |a INST |b LEMNOS |e 20160629 |h 658.4033 AND |p 005600001743 |q 005600001743 |t BK |y 0 | ||
| 922 | |a 6ΕΛΗ |b 2016-06 |c ΤΑΚ/ΤΕΤΔ |d Liberal Books | ||
| 970 | |a Μοσχόβη |b Ευαγγελία |z 29-06-2016 | ||